Proceedings conference on fish protein concentrate

Na minha lista:
Detalhes bibliográficos
Formato: Livro
Idioma:Undetermined
Publicado em: [Canada] Sponsored By The Federal-Provincial Atlantic Fisheries Commitiee 1967
Assuntos:
Tags: Adicionar Tag
Sem tags, seja o primeiro a adicionar uma tag!
Thư viện lưu trữ: Trung tâm Học liệu Trường Đại học Cần Thơ
LEADER 00521nam a2200169Ia 4500
001 CTU_81440
008 210402s9999 xx 000 0 und d
082 |a 664.94 
082 |b P963 
245 0 |a Proceedings conference on fish protein concentrate 
260 |a [Canada] 
260 |b Sponsored By The Federal-Provincial Atlantic Fisheries Commitiee 
260 |c 1967 
650 |a Fish protein concentrate 
650 |x Biliography 
904 |i Trọng Hải 
980 |a Trung tâm Học liệu Trường Đại học Cần Thơ